01018 a2200217 4500003000500000005001700005010001700022020001500039040000900054082001400063100002300077245005300100250001100153260003300164300003400197505038500231650002000616942002300636999001900659952012200678NUST20221123181233.0 a 72012961  a0024240400 cNust00a519.5,WAL1 aWalpole, Ronald E.10aIntroduction to statistics /cRonald E. Walpole. a2d ed. aNew York,bMacmillanc[1974] axiii, 340 p.:billus.c24 cm. aIntroduction (Page-1), sets and Probability (Page-5), Distributions of Random Variables (Page-35), Mathematical Expectation (Page-55), Some Discrete Probability Distributions (Page-77), Normal Distributions (Page-101), Sampling Theory (Page-121), Estimation Theory (Page-153), Tests of Hypotheses (Page-191), Regression and Correlation (Page-239), Analysis of Variance (Page-267). 0aStatistics.969 2ddccBKk519.5,WAL c193886d193886 00102ddc4070aMCSbMCScGENd2016-12-12o519.5,WALpMCS5187r2016-12-08w2016-12-12yBKzAlmirah No.14, Shelf No.5